00657 a2200181 4500003000500000005001700005040000900022082001000031245004700041260003900088300001100127505015500138538003200293650001800325942001200343999001900355952010100374Nust20170207154214.0 cNust a378.4 aLondon Guildhall UnibLondon Guildhall Uni aLondonbLondon Guildhall Unic2001 a223 p. aIntroduction (Page-2) About our Study Programmes (Page-10) Supporting your Studies (Page-24) How to Apply (Page-38) International Dimension (Page-56)  aAlmirah No. 117 Shelf No. 2 aUG Prospectus 2ddccBK c195011d195011 00102ddc40708NFICaMCSbMCSd2016-12-12l0o378.4 LONpMCSPS-76r2016-12-08w2016-12-12yBK